Public private partnerships approach / (Record no. 38776)

MARC details
000 -LEADER
fixed length control field 00813nam a22002177a 4500
005 - DATE AND TIME OF LATEST TRANSACTION
control field 20100802154917.0
010 ## - LCCN (DPL NO)
LC control number ENG-97514
020 ## - INTERNATIONAL STANDARD BOOK NUMBER
International Standard Book Number 9788184351125
Terms of availability 995.00
035 ## - SYSTEM CONTROL NUMBER
System control number EN-81047
037 ## - SOURCE OF ACQUISITION
Source of stock number/acquisition DBAD/PUB
082 ## - DEWEY DECIMAL CLASSIFICATION NUMBER
Classification number 361.25
100 ## - MAIN ENTRY--PERSONAL NAME
Personal name Rakesh Ranjan
245 ## - TITLE STATEMENT
Title Public private partnerships approach /
Statement of responsibility, etc by Rakesh Ranjan
260 ## - PUBLICATION, DISTRIBUTION, ETC. (IMPRINT)
Place of publication, distribution, etc New Delhi
Name of publisher, distributor, etc Adhyayan Publishers & Distributors
Date of publication, distribution, etc 2009
270 ## - ADDRESS
Address 4378/4B.105,J.M.D .House Murari Lal Street Ansari Road
City New Delhi
Postal code 110002
300 ## - PHYSICAL DESCRIPTION
Extent 426p.
Dimensions 22cm (Hb)
500 ## - GENERAL NOTE
General note Includes index
650 ## - SUBJECT ADDED ENTRY--TOPICAL TERM
Topical term or geographic name as entry element Public private secter cooporation
942 ## - ADDED ENTRY ELEMENTS (KOHA)
Source of classification or shelving scheme Dewey Decimal Classification
Item type English Books
Classification part 361.25
Call number suffix RAK
Holdings
Withdrawn status Lost status Not for loan Collection code Home library Current library Date acquired Source of acquisition Cost, normal purchase price Full call number Barcode Copy number Cost, replacement price Koha item type
    Not For Loan Non-fiction D.B.Act.Division D.B.Act.Division 03/08/2010 DBAD/PUB 995.00 361.25 RAK EN-81047 1 995.00 English Books

© Delhi Public Library
Hit Counter
free hit counter